00259nam a2200097Ia 4500008004100000082001200041100002000053245007000073260000900143300000900152190415s9999 xx 000 0 und d aRR.0017 aRahman, Habibur 0aEvaluation of urban community development programme in Bangladesh c1981 a95p.